| 000 | 00854nam a2200289 c 4500 | ||
|---|---|---|---|
| 001 | 573723 | ||
| 003 | DO-SdBNP | ||
| 005 | 20180207130515.0 | ||
| 007 | 573723 | ||
| 008 | 160112q1965 sp a | |||| 000 j spa | ||
| 035 | _a | ||
| 040 |
_aBPMSU _bspa _cBPMSU _e |
||
| 080 | _a | ||
| 100 | 1 |
_aCervantes Saavedra, Miguel de, _d1547-1616 _4 |
|
| 245 | 1 | 0 |
_aRiconete y cortadillo / _cMiguel de Cervantes Saavedra ; edición María Hortensia Lacau |
| 260 |
_aBuenos Aires : _bKapelusz _c1965 |
||
| 300 |
_a51 p. : _bil. ; _c19 cm |
||
| 336 |
_a _2 |
||
| 337 |
_a _2 |
||
| 490 | 1 | _aGrandes obras de la literatura universal | |
| 700 | 1 | 2 |
_aLacau, María Hortensia, _eil. |
| 830 | 0 | _aGrandes obras de la literatura universal | |
| 901 | _a | ||
| 942 |
_2ddc _cBK |
||
| 945 | _aInventariado, 2018 /LP | ||
| 956 |
_a VMATEO _210 _320160469 _6BPMSU _80069 |
||
| 999 |
_c9828 _d9828 |
||